ZOO získala atraktívneho zobákorožca samičku dostali od súkromného chovateľa, hľadajú samčeka

Bibliographic Details
Format: Article
Language:Slovak
PhysicalDescription:Fotogr.
ISSN:1339-7605
Subjects:
Online Access:https://kosicednes.sk/udalosti/zoo-ziskala-atraktivneho-zobakorozca/

MARC

LEADER 00000nab a2200000 a 4500
001 vtls011727315
003 SK-MaSNL
005 20260303083218.0
008 171214|20171213xo zr|p 000 0 slo
038 |a KEVKJB 
040 |a KEVKJB  |b slo  |c KEVKJB  |e AACR2 
041 0 |a slo 
044 |a xo  |c SK 
080 |a 59:069.029  |2 2011 
245 0 0 |a ZOO získala atraktívneho zobákorožca  |b samičku dostali od súkromného chovateľa, hľadajú samčeka  |c [autor] (HKL) 
300 |b Fotogr. 
610 2 7 |a Zoologická záhrada (Košice, Slovensko)  |2 kevkjb  |9 31695 
651 7 |a Košice (Slovensko)  |2 kevkjb  |9 18694 
773 0 |t KOŠICE:DNES  |g Roč. 4, č. 236 (13.12.2017), s. 9  |x 1339-7605 
852 |a KEVKJB  |b KIS3GCP 
856 4 1 |u https://kosicednes.sk/udalosti/zoo-ziskala-atraktivneho-zobakorozca/ 
999 |c 1790771  |d 1792701